<?xml version="1.0" encoding="UTF-8"?>
<collection xmlns="http://www.loc.gov/MARC21/slim">
 <record>
  <leader>00491pamaa2200145   4500</leader>
  <controlfield tag="001">0000036118</controlfield>
  <controlfield tag="005">20131029090000.0</controlfield>
  <datafield tag="020" ind1="0" ind2="0">
   <subfield code="a">9832535182 (pbk) </subfield>
  </datafield>
  <datafield tag="082" ind1=" " ind2=" ">
   <subfield code="a">959.5 KHO</subfield>
  </datafield>
  <datafield tag="090" ind1="0" ind2="0">
   <subfield code="a">DS597 </subfield>
   <subfield code="b">KOH 1984</subfield>
  </datafield>
  <datafield tag="100" ind1="0" ind2="0">
   <subfield code="a">KHONG KIM HOONG </subfield>
  </datafield>
  <datafield tag="245" ind1="1" ind2="0">
   <subfield code="a">MERDEKA : </subfield>
   <subfield code="b">British rule and the struggle for independence in Malaya 1945-1957  </subfield>
   <subfield code="c">Khong Kim Hoong.</subfield>
  </datafield>
  <datafield tag="260" ind1="0" ind2="0">
   <subfield code="a">Petaling Jaya: </subfield>
   <subfield code="b">Strategic Information Research Development, </subfield>
   <subfield code="c">1984.</subfield>
  </datafield>
  <datafield tag="300" ind1=" " ind2=" ">
   <subfield code="a">xiii, 333p.; </subfield>
   <subfield code="c">20cm.</subfield>
  </datafield>
  <datafield tag="650" ind1="0" ind2="0">
   <subfield code="a">Malaya - Politics and government </subfield>
  </datafield>
 </record>
</collection>
